000
00316nam a2200133Ia 4500
008
240624s9999 xx 000 0 und d
041
_a
eng
082
_a
920 MAN
100
_a
MANDELA NELSON
245
_a
LONG WALK TO FREEDOM
260
_c
1995
_a
New Delhi
_b
HACHETTE INDIA
300
_a
784 : p.
365
_c
RS
_b
25
999
_c
22161
_d
22161